[Event "WCO 2016"]
[Site "?"]
[Date "2016.09.13"]
[Round "11"]
[Board "5"]
[WhiteID "14000059"]
[White "Geldiyeva Mahri"]
[BlackID "200468"]
[Black "Goossens Hanne"]
[Result "0-1"]
[BlackElo "2149"]
[WhiteElo "2285"]
[LiveChessVersion "1.4.8"]

1. d4 {[%clk 1:30:46]} f5 {[%clk 1:30:47]} 2. Nf3 {[%clk 1:29:02]} e6
{[%clk 1:30:39]} 3. g3 {[%clk 1:28:18]} Nf6 {[%clk 1:30:51]} 4. Bg2
{[%clk 1:28:43]} Be7 {[%clk 1:31:13]} 5. b3 {[%clk 1:26:40]} Ne4 {[%clk 1:26:03]}
6. Bb2 {[%clk 1:26:32]} O-O {[%clk 1:24:40]} 7. Nfd2 {[%clk 1:23:45]} d5
{[%clk 1:22:08]} 8. f3 {[%clk 1:21:30]} Nxd2 {[%clk 1:20:09]} 9. Nxd2
{[%clk 1:21:29]} f4 {[%clk 1:19:04]} 10. Nf1 {[%clk 1:19:36]} c5 {[%clk 1:10:48]}
11. c3 {[%clk 1:06:32]} cxd4 {[%clk 1:04:02]} 12. cxd4 {[%clk 1:05:47]} Qa5+
{[%clk 0:59:56]} 13. Kf2 {[%clk 1:04:00]} Nc6 {[%clk 0:57:16]} 14. gxf4
{[%clk 1:02:36]} Rxf4 {[%clk 0:55:42]} 15. e3 {[%clk 1:00:27]} Rf7
{[%clk 0:54:17]} 16. Ng3 {[%clk 0:59:44]} Bd7 {[%clk 0:51:46]} 17. a3
{[%clk 0:55:47]} Bd6 {[%clk 0:47:23]} 18. Re1 {[%clk 0:49:27]} Raf8
{[%clk 0:39:10]} 19. Kg1 {[%clk 0:48:10]} Qc7 {[%clk 0:35:40]} 20. f4
{[%clk 0:44:29]} g5 {[%clk 0:33:19]} 21. Qg4 {[%clk 0:41:48]} Rg7
{[%clk 0:28:08]} 22. Nh5 {[%clk 0:22:47]} Rg6 {[%clk 0:27:56]} 23. fxg5
{[%clk 0:22:55]} Bxh2+ {[%clk 0:25:10]} 24. Kh1 {[%clk 0:23:23]} Rf5
{[%clk 0:24:23]} 25. Rf1 {[%clk 0:18:40]} Rfxg5 {[%clk 0:14:52]} 26. Nf6+
{[%clk 0:13:13]} Kg7 {[%clk 0:13:39]} 27. Qh4 {[%clk 0:13:23]} h6
{[%clk 0:10:38]} 28. Nh5+ {[%clk 0:12:57]} Kg8 {[%clk 0:09:36]} 29. Rf2
{[%clk 0:12:01]} Bg3 {[%clk 0:05:44]} 30. Nxg3 {[%clk 0:12:16]} Qxg3
{[%clk 0:05:28]} 31. Qxg3 {[%clk 0:12:41]} Rxg3 {[%clk 0:05:54]} 32. Re1
{[%clk 0:12:57]} Ne7 {[%clk 0:05:06]} 33. Bc1 {[%clk 0:07:22]} Nf5
{[%clk 0:04:34]} 34. Kh2 {[%clk 0:03:08]} R6g4 {[%clk 0:02:43]} 35. Ree2
{[%clk 0:01:37]} Rh4+ {[%clk 0:02:46]} 36. Kg1 {[%clk 0:02:05]} Rg6
{[%clk 0:02:54]} 37. a4 {[%clk 0:02:08]} Ng3 {[%clk 0:02:42]} 38. Rc2
{[%clk 0:02:22]} Bc6 {[%clk 0:01:46]} 39. Rf4 {[%clk 0:02:49]} Rxf4
{[%clk 0:01:26]} 40. exf4 {[%clk 0:33:18]} Nf5 {[%clk 0:31:34]} 41. Bb2
{[%clk 0:29:00]} Rg3 {[%clk 0:29:56]} 42. a5 {[%clk 0:18:54]} Rxb3
{[%clk 0:23:58]} 43. a6 {[%clk 0:18:16]} Ne3 {[%clk 0:22:18]} 44. Re2
{[%clk 0:18:05]} bxa6 {[%clk 0:20:32]} 45. Bh3 {[%clk 0:17:38]} Bd7
{[%clk 0:18:31]} 46. Bc1 {[%clk 0:14:38]} Rb1 {[%clk 0:17:02]} 47. Rxe3
{[%clk 0:15:00]} Rxc1+ {[%clk 0:17:27]} 48. Kf2 {[%clk 0:15:21]} Kf7
{[%clk 0:11:40]} 49. f5 {[%clk 0:14:34]} exf5 {[%clk 0:10:36]} 50. Re5
{[%clk 0:15:02]} Rc6 {[%clk 0:09:35]} 51. Rxd5 {[%clk 0:15:11]} Be6
{[%clk 0:09:27]} 52. Rd8 {[%clk 0:15:16]} Rc2+ {[%clk 0:08:48]} 53. Ke1
{[%clk 0:15:35]} Rh2 {[%clk 0:04:44]} 54. Bf1 {[%clk 0:16:02]} Ke7
{[%clk 0:04:24]} 55. Ra8 {[%clk 0:16:30]} Rh4 {[%clk 0:04:18]} 56. Rxa7+
{[%clk 0:16:39]} Kf6 {[%clk 0:04:28]} 57. Rxa6 {[%clk 0:15:48]} Rxd4
{[%clk 0:04:49]} 58. Rb6 {[%clk 0:16:14]} Re4+ {[%clk 0:04:20]} 59. Kf2
{[%clk 0:16:41]} Kg5 {[%clk 0:04:29]} 60. Bg2 {[%clk 0:16:32]} Re5
{[%clk 0:04:47]} 61. Bf3 {[%clk 0:15:30]} Bf7 {[%clk 0:03:36]} 62. Rb8
{[%clk 0:15:48]} Ra5 {[%clk 0:03:28]} 63. Rb2 {[%clk 0:15:49]} Ra2
{[%clk 0:03:01]} 64. Rxa2 {[%clk 0:16:17]} Bxa2 {[%clk 0:03:26]} 65. Kg3
{[%clk 0:16:21]} Bc4 {[%clk 0:03:37]} 66. Bc6 {[%clk 0:16:29]} h5
{[%clk 0:03:36]} 67. Bb7 {[%clk 0:16:37]} h4+ {[%clk 0:03:25]} 68. Kf3
{[%clk 0:16:43]} Bf7 {[%clk 0:03:37]} 69. Bc6 {[%clk 0:16:57]} Bh5+
{[%clk 0:04:00]} 70. Kg2 {[%clk 0:17:22]} Bg4 {[%clk 0:04:13]} 71. Kf2
{[%clk 0:17:35]} Kf4 {[%clk 0:04:09]} 72. Bb7 {[%clk 0:17:57]} Bd1
{[%clk 0:03:48]} 73. Bg2 {[%clk 0:17:51]} Kg4 {[%clk 0:03:49]} 74. Bd5
{[%clk 0:17:54]} h3 {[%clk 0:03:55]} 75. Bc6 {[%clk 0:17:30]} Bc2
{[%clk 0:03:49]} 76. Kg1 {[%clk 0:17:10]} Kg3 {[%clk 0:03:59]} 0-1

[Event "WCO 2016"]
[Site "?"]
[Date "2016.09.13"]
[Round "11"]
[Board "6"]
[WhiteID "14104946"]
[White "Morozova Iuliia"]
[BlackID "14001888"]
[Black "Ovezdurdiyeva Jemal"]
[Result "1-0"]
[BlackElo "2031"]
[WhiteElo "2025"]
[LiveChessVersion "1.4.8"]

1. d4 {[%clk 1:30:56]} Nf6 {[%clk 1:30:54]} 2. Nf3 {[%clk 1:31:22]} g6
{[%clk 1:31:20]} 3. c4 {[%clk 1:31:41]} Bg7 {[%clk 1:31:46]} 4. Nc3
{[%clk 1:32:07]} d6 {[%clk 1:32:11]} 5. e4 {[%clk 1:32:31]} O-O {[%clk 1:32:36]}
6. Be2 {[%clk 1:32:58]} Nbd7 {[%clk 1:32:49]} 7. e5 {[%clk 1:33:16]} Ne8
{[%clk 1:29:54]} 8. exd6 {[%clk 1:30:00]} cxd6 {[%clk 1:27:20]} 9. O-O
{[%clk 1:16:21]} Nc7 {[%clk 1:24:03]} 10. Be3 {[%clk 1:10:13]} Ne6
{[%clk 1:20:07]} 11. Qd2 {[%clk 1:06:56]} f5 {[%clk 1:13:14]} 12. d5
{[%clk 0:56:00]} Nec5 {[%clk 1:09:32]} 13. Nd4 {[%clk 0:54:04]} Nf6
{[%clk 1:02:14]} 14. b4 {[%clk 0:47:10]} Nce4 {[%clk 1:01:22]} 15. Nxe4
{[%clk 0:43:18]} Nxe4 {[%clk 1:00:30]} 16. Qd3 {[%clk 0:42:47]} Nf6
{[%clk 0:59:01]} 17. Bf3 {[%clk 0:38:33]} Nd7 {[%clk 0:46:58]} 18. Rad1
{[%clk 0:26:26]} Ne5 {[%clk 0:45:45]} 19. Qb3 {[%clk 0:22:49]} f4
{[%clk 0:40:01]} 20. Bc1 {[%clk 0:23:05]} Nxf3+ {[%clk 0:37:49]} 21. Nxf3
{[%clk 0:20:44]} Bg4 {[%clk 0:35:22]} 22. Rfe1 {[%clk 0:20:23]} Rc8
{[%clk 0:28:21]} 23. Re4 {[%clk 0:18:53]} b5 {[%clk 0:23:30]} 24. c5 dxc5
{[%clk 0:18:29]} 25. bxc5 {[%clk 0:15:07]} Rxc5 {[%clk 0:17:37]} 26. Ba3
{[%clk 0:11:30]} Rc3 {[%clk 0:17:41]} 27. Bxe7 {[%clk 0:11:40]} Rxb3
{[%clk 0:08:42]} 28. Bxd8 {[%clk 0:04:15]} Rxf3 {[%clk 0:08:14]} 29. Be7
{[%clk 0:01:46]} Re3 {[%clk 0:02:53]} 30. fxe3 {[%clk 0:01:49]} Bxd1
{[%clk 0:03:18]} 31. Bxf8 {[%clk 0:01:49]} Bxf8 {[%clk 0:02:55]} 32. Rxf4
{[%clk 0:01:32]} Bh6 {[%clk 0:01:50]} 33. Re4 {[%clk 0:01:55]} Bc2
{[%clk 0:01:28]} 34. Re5 {[%clk 0:01:45]} Kf7 {[%clk 0:00:31]} 35. d6
{[%clk 0:01:50]} Bf5 {[%clk 0:00:33]} 36. Kf2 {[%clk 0:02:01]} Bg5
{[%clk 0:00:55]} 37. Rxb5 {[%clk 0:02:15]} Ke6 {[%clk 0:00:37]} 38. Kf3
{[%clk 0:01:40]} Kxd6 {[%clk 0:00:52]} 39. g4 {[%clk 0:01:51]} Kc6
{[%clk 0:01:07]} 40. Ra5 {[%clk 0:31:58]} Kb6 {[%clk 0:31:12]} 41. Rd5
{[%clk 0:31:33]} Bxg4+ {[%clk 0:27:57]} 42. Kxg4 {[%clk 0:30:29]} Bxe3
{[%clk 0:28:25]} 43. Rd7 {[%clk 0:29:57]} h6 {[%clk 0:23:00]} 44. Rd6+
{[%clk 0:29:00]} Kb5 {[%clk 0:21:51]} 45. Rxg6 {[%clk 0:29:07]} a5
{[%clk 0:21:39]} 46. Kh5 {[%clk 0:20:14]} a4 {[%clk 0:19:34]} 47. Re6
{[%clk 0:18:58]} Bc1 {[%clk 0:17:53]} 48. h4 {[%clk 0:17:15]} Kb4
{[%clk 0:16:22]} 49. Re1 {[%clk 0:15:48]} Bd2 {[%clk 0:14:55]} 50. Re2
{[%clk 0:16:06]} Kc3 {[%clk 0:12:47]} 51. Kg6 {[%clk 0:13:55]} a3
{[%clk 0:11:59]} 52. h5 {[%clk 0:13:55]} Kc2 {[%clk 0:10:53]} 53. Kf5
{[%clk 0:11:40]} Kd3 54. Rg2 {[%clk 0:07:25]} Bc1 {[%clk 0:10:54]} 55. Ke5
{[%clk 0:06:53]} Kc3 {[%clk 0:09:32]} 56. Kd5 {[%clk 0:07:01]} Bf4
{[%clk 0:08:43]} 57. Kc5 {[%clk 0:07:08]} Bc1 {[%clk 0:04:58]} 58. Kb5
{[%clk 0:07:08]} Bb2 {[%clk 0:03:32]} 59. Ka4 {[%clk 0:05:30]} Bc1
{[%clk 0:03:11]} 60. Rf2 {[%clk 0:03:22]} Bb2 {[%clk 0:02:27]} 61. Rf3+
{[%clk 0:03:09]} Kc2 {[%clk 0:02:27]} 62. Rxa3 {[%clk 0:03:18]} Bxa3
{[%clk 0:02:52]} 63. Kxa3 {[%clk 0:03:41]} Kc3 {[%clk 0:03:20]} 64. Ka4
{[%clk 0:03:54]} Kc4 {[%clk 0:03:46]} 65. Ka5 {[%clk 0:04:01]} Kc5
{[%clk 0:04:09]} 66. a3 {[%clk 0:03:56]} Kc4 {[%clk 0:03:58]} 67. Ka4
{[%clk 0:04:11]} Kc5 {[%clk 0:04:19]} 68. Kb3 {[%clk 0:04:08]} Kb5
{[%clk 0:04:25]} 69. Kc3 {[%clk 0:04:21]} Ka4 {[%clk 0:04:52]} 70. Kd4
{[%clk 0:04:46]} Kxa3 {[%clk 0:05:18]} 71. Ke5 {[%clk 0:05:10]} Kb4
{[%clk 0:05:45]} 72. Kf6 {[%clk 0:05:33]} Kc5 {[%clk 0:06:12]} 73. Kg6
{[%clk 0:05:53]} Kd6 {[%clk 0:06:37]} 74. Kxh6 {[%clk 0:06:15]} Ke7
{[%clk 0:07:01]} 75. Kg7 {[%clk 0:06:39]} 1-0

[Event "WCO 2016"]
[Site "?"]
[Date "2016.09.13"]
[Round "11"]
[Board "7"]
[WhiteID "14002272"]
[White "Velieva Hurma"]
[BlackID "205745"]
[Black "Dierckens Sarah"]
[Result "1-0"]
[BlackElo "1830"]
[WhiteElo "1994"]
[LiveChessVersion "1.4.8"]

1. e4 {[%clk 1:30:50]} e6 {[%clk 1:30:53]} 2. d4 {[%clk 1:30:59]} d5
{[%clk 1:31:18]} 3. e5 {[%clk 1:29:40]} c5 {[%clk 1:31:40]} 4. c3
{[%clk 1:29:56]} Nc6 {[%clk 1:32:05]} 5. Nf3 {[%clk 1:28:15]} Qb6
{[%clk 1:32:23]} 6. Bd3 {[%clk 1:19:40]} cxd4 {[%clk 1:32:46]} 7. cxd4
{[%clk 1:20:00]} Bd7 {[%clk 1:33:10]} 8. Bc2 {[%clk 1:17:03]} Nb4
{[%clk 1:30:10]} 9. O-O {[%clk 1:14:34]} Nxc2 {[%clk 1:29:24]} 10. Qxc2
{[%clk 1:14:59]} f6 {[%clk 1:27:29]} 11. exf6 {[%clk 0:56:49]} Nxf6
{[%clk 1:27:41]} 12. Bf4 {[%clk 0:55:58]} Rc8 {[%clk 1:24:57]} 13. Nc3
{[%clk 0:49:23]} Be7 {[%clk 1:21:35]} 14. Be5 {[%clk 0:38:07]} O-O
{[%clk 1:17:43]} 15. Ng5 {[%clk 0:37:51]} g6 {[%clk 1:16:56]} 16. h3
{[%clk 0:36:07]} Bb5 {[%clk 1:09:20]} 17. Rfe1 {[%clk 0:32:28]} Bd7
{[%clk 0:50:15]} 18. Qd2 {[%clk 0:28:03]} Ne8 {[%clk 0:47:16]} 19. Bf4
{[%clk 0:16:38]} Ng7 {[%clk 0:42:03]} 20. Nxd5 {[%clk 0:15:02]} exd5
{[%clk 0:39:28]} 21. Rxe7 {[%clk 0:15:30]} Bf5 {[%clk 0:39:14]} 22. Be5
{[%clk 0:13:51]} Ne8 {[%clk 0:34:25]} 23. Nxh7 {[%clk 0:12:03]} Rf7
{[%clk 0:25:35]} 24. Qh6 {[%clk 0:11:16]} Qxb2 {[%clk 0:18:06]} 25. Ng5
{[%clk 0:10:29]} Qxa1+ {[%clk 0:17:43]} 26. Kh2 {[%clk 0:10:44]} Rxe7
{[%clk 0:12:42]} 27. Qh8# 1-0

[Event "WCO 2016"]
[Site "?"]
[Date "2016.09.13"]
[Round "11"]
[Board "8"]
[WhiteID "200395"]
[White "Barbier Astrid"]
[BlackID "14000679"]
[Black "Hallaeva Bahar"]
[Result "1/2-1/2"]
[BlackElo "2103"]
[WhiteElo "1825"]
[LiveChessVersion "1.4.8"]

1. e4 {[%clk 1:30:57]} e5 {[%clk 1:30:56]} 2. Nf3 {[%clk 1:31:24]} Nc6
{[%clk 1:31:23]} 3. Bb5 {[%clk 1:31:49]} Nf6 {[%clk 1:31:41]} 4. d3
{[%clk 1:32:08]} Bc5 {[%clk 1:30:22]} 5. O-O {[%clk 1:32:22]} d6 {[%clk 1:30:46]}
6. c3 {[%clk 1:32:40]} O-O {[%clk 1:28:34]} 7. h3 {[%clk 1:32:30]} Ne7
{[%clk 1:27:59]} 8. Nbd2 {[%clk 1:27:54]} c6 {[%clk 1:26:34]} 9. Ba4
{[%clk 1:27:59]} Bb6 {[%clk 1:26:06]} 10. Re1 {[%clk 1:26:39]} Ng6
{[%clk 1:26:13]} 11. Nf1 {[%clk 1:23:55]} h6 {[%clk 1:26:00]} 12. Ng3
{[%clk 1:20:40]} Be6 {[%clk 1:22:19]} 13. Bc2 {[%clk 1:15:05]} Re8
{[%clk 1:22:26]} 14. d4 {[%clk 1:10:08]} Qc7 {[%clk 1:21:45]} 15. Be3
{[%clk 1:08:03]} Rad8 {[%clk 1:21:35]} 16. Qc1 {[%clk 0:56:58]} Kh7
{[%clk 1:16:28]} 17. Nf5 {[%clk 0:53:27]} Bxf5 {[%clk 0:53:10]} 18. exf5
{[%clk 0:52:57]} Nf8 {[%clk 0:53:24]} 19. Qd2 {[%clk 0:47:23]} e4
{[%clk 0:47:59]} 20. Nh2 {[%clk 0:43:43]} Qd7 {[%clk 0:34:41]} 21. g4
{[%clk 0:40:35]} Bc7 {[%clk 0:32:32]} 22. Kh1 {[%clk 0:38:18]} Nd5
{[%clk 0:26:13]} 23. c4 {[%clk 0:35:45]} Nxe3 {[%clk 0:25:34]} 24. fxe3
{[%clk 0:30:31]} d5 {[%clk 0:25:56]} 25. c5 {[%clk 0:30:17]} Bg3 {[%clk 0:24:04]}
26. Rg1 {[%clk 0:26:07]} Bh4 {[%clk 0:23:51]} 27. Nf1 {[%clk 0:24:09]} Kg8
{[%clk 0:19:52]} 28. Ng3 {[%clk 0:22:15]} Nh7 {[%clk 0:19:28]} 29. Qg2
{[%clk 0:19:36]} Ng5 {[%clk 0:17:45]} 30. Bd1 {[%clk 0:18:59]} g6
{[%clk 0:08:04]} 31. Rf1 {[%clk 0:18:02]} Kh7 {[%clk 0:07:19]} 32. b4
{[%clk 0:13:12]} Rg8 {[%clk 0:07:11]} 33. Be2 {[%clk 0:11:59]} Kh8
{[%clk 0:05:06]} 34. a4 {[%clk 0:10:05]} Nh7 {[%clk 0:04:25]} 35. Qh2
{[%clk 0:08:21]} Rde8 {[%clk 0:01:31]} 36. Rf2 {[%clk 0:06:03]} Qc7
{[%clk 0:00:54]} 37. Rg1 {[%clk 0:06:13]} Qd8 {[%clk 0:00:50]} 38. Rff1
{[%clk 0:05:45]} Qe7 {[%clk 0:00:44]} 39. Rg2 {[%clk 0:04:51]} Ng5
{[%clk 0:00:39]} 40. Rgg1 {[%clk 0:34:38]} Qc7 {[%clk 0:30:45]} 41. Rg2
{[%clk 0:30:22]} Re7 {[%clk 0:30:42]} 42. Kg1 {[%clk 0:17:35]} Rge8
{[%clk 0:30:17]} 43. Nh1 {[%clk 0:14:10]} Qxh2+ {[%clk 0:26:10]} 44. Kxh2
{[%clk 0:13:44]} Nf3+ {[%clk 0:25:47]} 45. Bxf3 {[%clk 0:13:58]} exf3
{[%clk 0:26:14]} 46. Rxf3 {[%clk 0:14:08]} Rxe3 {[%clk 0:26:40]} 47. Rf1
{[%clk 0:13:49]} Kg7 {[%clk 0:15:52]} 48. fxg6 {[%clk 0:11:27]} Kxg6
{[%clk 0:14:47]} 49. Ng3 {[%clk 0:09:49]} Rb3 {[%clk 0:13:49]} 50. Nf5
{[%clk 0:09:06]} Be1 {[%clk 0:09:50]} 51. Nd6 {[%clk 0:06:51]} Ree3
{[%clk 0:09:33]} 52. Nxf7 {[%clk 0:05:29]} Bg3+ {[%clk 0:07:25]} 53. Kg1
{[%clk 0:05:24]} Rxb4 {[%clk 0:07:09]} 54. Nd6 {[%clk 0:04:16]} Bxd6
{[%clk 0:05:53]} 55. cxd6 {[%clk 0:04:41]} Re6 {[%clk 0:06:18]} 56. d7
{[%clk 0:04:38]} Rd6 {[%clk 0:06:46]} 57. Re2 {[%clk 0:04:06]} Rxd7
{[%clk 0:06:26]} 58. Re6+ {[%clk 0:04:20]} Kg7 {[%clk 0:05:48]} 59. Rff6
{[%clk 0:04:24]} Rxd4 {[%clk 0:04:14]} 60. Rxh6 {[%clk 0:03:50]} Rf7
{[%clk 0:02:50]} 61. g5 {[%clk 0:03:37]} c5 {[%clk 0:02:51]} 62. Reg6+
{[%clk 0:03:29]} Kf8 {[%clk 0:03:13]} 63. Rh8+ {[%clk 0:03:47]} Ke7
{[%clk 0:03:42]} 64. Rgh6 {[%clk 0:04:01]} Rg7 {[%clk 0:03:06]} 65. h4
{[%clk 0:03:57]} Rf4 {[%clk 0:01:29]} 66. Rc8 {[%clk 0:03:43]} Kd7
{[%clk 0:01:33]} 67. Rxc5 {[%clk 0:03:41]} Rd4 {[%clk 0:01:38]} 68. Kf2
{[%clk 0:03:13]} Rf7+ {[%clk 0:01:51]} 69. Ke3 {[%clk 0:03:15]} Re4+
{[%clk 0:01:53]} 70. Kd3 {[%clk 0:03:14]} Rf3+ {[%clk 0:02:13]} 71. Kd2
{[%clk 0:03:30]} Rf2+ {[%clk 0:02:04]} 72. Kd3 {[%clk 0:03:30]} Rf3+
{[%clk 0:02:33]} 73. Kd2 {[%clk 0:03:49]} Rd4+ {[%clk 0:02:23]} 74. Ke2
{[%clk 0:04:12]} Rg3 {[%clk 0:01:55]} 75. Rb5 {[%clk 0:03:33]} b6
{[%clk 0:01:44]} 76. a5 {[%clk 0:03:28]} Kc7 {[%clk 0:00:58]} 77. axb6+
{[%clk 0:02:19]} axb6 {[%clk 0:01:27]} 78. Rbxb6 {[%clk 0:01:17]} Ra4
{[%clk 0:01:07]} 79. Rhc6+ {[%clk 0:01:13]} Kd7 {[%clk 0:01:35]} 80. Rd6+
{[%clk 0:01:32]} Ke7 {[%clk 0:02:04]} 81. Re6+ {[%clk 0:01:38]} Kd7
{[%clk 0:02:09]} 82. Red6+ {[%clk 0:02:05]} Kc7 {[%clk 0:02:30]} 83. Rdc6+
{[%clk 0:02:32]} Kd7 {[%clk 0:02:32]} 84. Rd6+ {[%clk 0:02:58]} Kc8
{[%clk 0:02:53]} 85. Rdc6+ {[%clk 0:03:24]} Kd8 {[%clk 0:03:15]} 86. Rd6+
{[%clk 0:03:50]} Ke8 {[%clk 0:03:23]} 87. Re6+ {[%clk 0:04:16]} Kd7
{[%clk 0:03:45]} 88. Red6+ {[%clk 0:04:43]} Kc7 {[%clk 0:04:03]} 89. Rdc6+
{[%clk 0:05:09]} Kd7 {[%clk 0:04:26]} 90. Rd6+ {[%clk 0:05:35]} 1/2-1/2

[Event "WCO 2016"]
[Site "?"]
[Date "2016.09.13"]
[Round "11"]
[Board "9"]
[WhiteID "1308521"]
[White "Mueller-Seps Monika"]
[BlackID "1902970"]
[Black "Baptista Ana Filipa"]
[Result "0-1"]
[BlackElo "2125"]
[WhiteElo "2276"]
[LiveChessVersion "1.4.8"]

1. d4 {[%clk 1:30:58]} Nf6 {[%clk 1:30:49]} 2. Nf3 {[%clk 1:31:23]} e6
{[%clk 1:30:58]} 3. Bg5 {[%clk 1:31:49]} c5 {[%clk 1:28:00]} 4. e3
{[%clk 1:31:59]} cxd4 {[%clk 1:26:25]} 5. exd4 {[%clk 1:32:25]} d5
{[%clk 1:22:44]} 6. Bd3 {[%clk 1:32:08]} Be7 {[%clk 1:17:31]} 7. Nbd2
{[%clk 1:30:20]} Qb6 {[%clk 1:14:49]} 8. Rb1 {[%clk 1:28:54]} Bd7
{[%clk 1:06:06]} 9. Qe2 {[%clk 1:22:50]} Nc6 {[%clk 1:02:10]} 10. c3
{[%clk 1:23:16]} O-O {[%clk 1:00:56]} 11. Ne5 {[%clk 1:20:30]} Qd8
{[%clk 0:50:39]} 12. h4 {[%clk 1:00:35]} Nxe5 {[%clk 0:44:00]} 13. dxe5
{[%clk 1:01:01]} Ne8 {[%clk 0:43:09]} 14. Nf3 {[%clk 0:49:17]} f6
{[%clk 0:39:16]} 15. exf6 {[%clk 0:48:10]} gxf6 {[%clk 0:37:30]} 16. Bh6
{[%clk 0:46:22]} Rf7 {[%clk 0:37:26]} 17. c4 {[%clk 0:41:17]} Nd6
{[%clk 0:24:40]} 18. cxd5 {[%clk 0:40:42]} Qa5+ {[%clk 0:24:32]} 19. Nd2
{[%clk 0:29:58]} Qxd5 {[%clk 0:24:10]} 20. Rh3 {[%clk 0:29:12]} Nf5
{[%clk 0:20:47]} 21. Bf4 {[%clk 0:19:54]} Kh8 {[%clk 0:16:49]} 22. Be4
{[%clk 0:18:48]} Qa5 {[%clk 0:14:48]} 23. Qh5 {[%clk 0:07:49]} Be8
{[%clk 0:12:26]} 24. Bxf5 {[%clk 0:05:48]} exf5 {[%clk 0:12:17]} 25. Bh6
{[%clk 0:04:30]} Bb4 {[%clk 0:11:49]} 26. Qd1 {[%clk 0:02:44]} Rd8
{[%clk 0:10:52]} 27. a3 {[%clk 0:00:54]} Re7+ {[%clk 0:10:54]} 28. Kf1
{[%clk 0:01:04]} Bxd2 {[%clk 0:10:59]} 29. b4 {[%clk 0:00:41]} Qb5+ 30. Kg1 Red7
{[%clk 0:05:31]} 31. Bxd2 {[%clk 0:01:26]} Rxd2 {[%clk 0:05:54]} 32. Qb3
{[%clk 0:01:26]} Bc6 {[%clk 0:03:02]} 33. Rg3 {[%clk 0:01:21]} Qd5
{[%clk 0:02:07]} 34. Qe3 {[%clk 0:01:06]} Qd4 {[%clk 0:01:38]} 35. Qe7
{[%clk 0:00:41]} Rg8 {[%clk 0:00:54]} 36. Rxg8+ {[%clk 0:00:38]} Kxg8
{[%clk 0:01:23]} 37. Qe6+ {[%clk 0:01:01]} Kf8 {[%clk 0:01:41]} 38. Qxf5
{[%clk 0:01:01]} Be4 {[%clk 0:00:59]} 39. Qc8+ {[%clk 0:01:25]} Kf7
{[%clk 0:00:43]} 40. Qc7+ {[%clk 0:30:40]} Qd7 {[%clk 0:30:45]} 41. Qc4+
{[%clk 0:31:03]} Qe6 {[%clk 0:29:46]} 42. Qc3 {[%clk 0:30:50]} Qg4
{[%clk 0:26:34]} 43. Qc4+ {[%clk 0:25:53]} Kg7 {[%clk 0:26:04]} 44. g3
{[%clk 0:25:55]} Qf3 {[%clk 0:23:44]} 45. Qc7+ {[%clk 0:25:44]} Kh6
{[%clk 0:23:13]} 0-1

[Event "WCO 2016"]
[Site "?"]
[Date "2016.09.13"]
[Round "11"]
[Board "10"]
[WhiteID "1901192"]
[White "Coimbra Margarida"]
[BlackID "4612434"]
[Black "Heinatz Dr. Gundula"]
[Result "1/2-1/2"]
[BlackElo "2205"]
[WhiteElo "2078"]
[LiveChessVersion "1.4.8"]

1. e4 {[%clk 1:30:57]} c5 {[%clk 1:30:55]} 2. c3 {[%clk 1:31:17]} d5
{[%clk 1:31:04]} 3. exd5 {[%clk 1:31:37]} Nf6 {[%clk 1:31:26]} 4. d4
{[%clk 1:29:13]} Nxd5 {[%clk 1:31:27]} 5. Nf3 {[%clk 1:28:00]} cxd4
{[%clk 1:25:33]} 6. Qxd4 {[%clk 1:20:47]} e6 {[%clk 1:22:12]} 7. Bb5+
{[%clk 1:13:07]} Bd7 {[%clk 1:22:03]} 8. Bxd7+ {[%clk 1:11:52]} Nxd7
{[%clk 1:22:07]} 9. O-O {[%clk 1:11:40]} Qf6 {[%clk 1:17:40]} 10. Nbd2
{[%clk 0:59:30]} Qxd4 {[%clk 1:16:55]} 11. Nxd4 {[%clk 0:59:48]} Be7
{[%clk 1:11:35]} 12. N2f3 {[%clk 0:56:45]} O-O {[%clk 1:10:10]} 13. Bd2
{[%clk 0:44:03]} h6 {[%clk 1:07:39]} 14. Rad1 {[%clk 0:42:12]} Rac8
{[%clk 1:07:17]} 15. Rfe1 {[%clk 0:40:37]} Bc5 {[%clk 1:01:51]} 16. Bc1
{[%clk 0:35:42]} Rfd8 {[%clk 0:59:54]} 17. h3 {[%clk 0:30:51]} a6
{[%clk 0:58:21]} 18. Nc2 {[%clk 0:24:49]} Nf8 {[%clk 0:48:07]} 19. Ne3
{[%clk 0:19:26]} Nxe3 {[%clk 0:45:56]} 20. Rxd8 {[%clk 0:19:27]} Rxd8
{[%clk 0:46:22]} 21. Bxe3 {[%clk 0:19:50]} Bxe3 {[%clk 0:46:44]} 22. Rxe3
{[%clk 0:20:15]} f6 {[%clk 0:38:14]} 23. Kf1 {[%clk 0:20:06]} e5 {[%clk 0:38:32]}
24. h4 {[%clk 0:19:33]} g5 {[%clk 0:35:59]} 25. hxg5 {[%clk 0:18:51]} hxg5
{[%clk 0:36:27]} 26. g3 {[%clk 0:12:09]} Rd7 {[%clk 0:35:45]} 27. Ke2
{[%clk 0:10:42]} Kf7 {[%clk 0:34:52]} 28. Rd3 {[%clk 0:10:17]} Rc7
{[%clk 0:33:03]} 29. Nd2 {[%clk 0:09:28]} Ne6 {[%clk 0:27:31]} 30. Ne4
{[%clk 0:07:25]} Re7 {[%clk 0:23:56]} 31. Rf3 {[%clk 0:04:14]} Kg7
{[%clk 0:23:13]} 32. Nxf6 {[%clk 0:02:36]} Nf4+ {[%clk 0:21:05]} 33. gxf4
{[%clk 0:01:48]} exf4+ {[%clk 0:21:30]} 34. Kf1 {[%clk 0:00:58]} Kxf6
{[%clk 0:21:54]} 35. Rd3 {[%clk 0:01:14]} Kf5 {[%clk 0:20:34]} 36. f3
{[%clk 0:00:46]} Re5 {[%clk 0:19:45]} 37. c4 {[%clk 0:00:43]} g4 {[%clk 0:19:50]}
38. fxg4+ {[%clk 0:00:58]} Kxg4 {[%clk 0:20:15]} 39. a3 {[%clk 0:00:42]} Re4
{[%clk 0:19:03]} 40. c5 {[%clk 0:30:43]} Rc4 {[%clk 0:48:20]} 41. b4
{[%clk 0:19:34]} a5 {[%clk 0:46:44]} 42. bxa5 {[%clk 0:17:43]} Rxc5
{[%clk 0:47:08]} 43. Rb3 {[%clk 0:17:23]} Rxa5 {[%clk 0:43:37]} 44. Rxb7
{[%clk 0:10:07]} Rxa3 {[%clk 0:44:02]} 45. Rf7 {[%clk 0:10:19]} Kg3
{[%clk 0:43:16]} 46. Rf8 {[%clk 0:10:04]} Kf3 {[%clk 0:42:05]} 47. Kg1
{[%clk 0:10:23]} Ra1+ {[%clk 0:42:04]} 48. Kh2 {[%clk 0:10:48]} Rf1
{[%clk 0:40:42]} 49. Ra8 {[%clk 0:10:49]} Re1 {[%clk 0:40:16]} 50. Rf8
{[%clk 0:10:33]} Re4 {[%clk 0:39:58]} 51. Kg1 {[%clk 0:09:17]} Rd4
{[%clk 0:37:18]} 52. Rf7 {[%clk 0:08:57]} Ke2 {[%clk 0:36:26]} 53. Re7+
{[%clk 0:09:12]} Kf3 {[%clk 0:36:42]} 54. Rf7 {[%clk 0:09:37]} Rd1+
{[%clk 0:36:47]} 55. Kh2 {[%clk 0:10:01]} Ke3 {[%clk 0:37:11]} 56. Kg2
{[%clk 0:10:09]} Rd4 {[%clk 0:35:22]} 57. Re7+ {[%clk 0:10:14]} Re4
{[%clk 0:34:51]} 58. Rxe4+ {[%clk 0:10:32]} Kxe4 {[%clk 0:35:15]} 59. Kf2
{[%clk 0:10:58]} f3 {[%clk 0:35:27]} 60. Kf1 {[%clk 0:11:23]} 1/2-1/2